Do jakiego kraju należy ta stolica? - Statystyki

Ogólne statystyki
  • Ten quiz został rozwiązany 22 razy
  • Średni wynik to 8 z 10
Statystyki odpowiedzi
podpowiedź odpowiedź % Poprawnych
Pekin Chiny
95%
Amsterdam Holandia
95%
Waszyngton Stany Zjednoczone
95%
Polska Warszawa
95%
Japonia Tokio
90%
Argentyna Buenos Aires
76%
Egipt Kair
71%
Australia Canberra
67%
Tajlandia Bangkok
57%
Wenezuela Caracas
52%
Nie znaleziono quizów pasujących do podanych kryteriów
Rozkład punktacji
Procent ludzi z każdym wynikiem
Percentyl według liczby udzielonych odpowiedzi
Twoja historia wyników
Nie rozwiązałeś tego quizu